Wunderhorse - Midas (lyrics) - Statistics

General Stats
  • This quiz has been taken 55 times
  • The average score is 113 of 165
Answer Stats
Answer % Correct
Midas
100%
a
97%
he
97%
He
97%
The
93%
the
93%
yeah
93%
I
90%
his
83%
to
83%
and
80%
And
80%
in
80%
on
80%
of
77%
be
73%
Come
73%
come
73%
la-
70%
line
70%
don't
67%
telephone
67%
tie
67%
You
67%
closer
63%
little
63%
nursery
63%
shy
63%
tombstone
63%
end
60%
eyes
60%
inside
60%
other
60%
rhyme
60%
said
60%
straightened
60%
boy
57%
deal
57%
kid
57%
kingdom
57%
me
57%
Somewhere
57%
think
57%
between
53%
facelift
53%
got
53%
pelican
53%
place
53%
seemed
53%
shiver
53%
we
53%
whites
53%
with
53%
crawling
50%
knuckles
50%
shaking
50%
chessboard
47%
find
47%
fracture
47%
head
47%
here
47%
invitation
47%
sky
47%
Stepped
47%
through
47%
voice
47%
whole
47%
back
43%
came
43%
down
43%
falling
43%
fingers
43%
heard
43%
like
43%
office
43%
rattlesnake
43%
Threw
43%
fixed
40%
searched
40%
suit
40%
coldness
37%
nervous
37%
was
37%
click
33%
kinda
33%
making
30%
you're
30%
time
20%
askin'
13%
Each
13%
they're
13%
silvered
10%
No matching quizzes found
Score Distribution
Percent of People with Each Score
Percentile by Number Answered
Your Score History
You have not taken this quiz